| 000 | 00744nam a2200301Ia 4500 | ||
|---|---|---|---|
| 001 | 44966 | ||
| 005 | 20240114003652.0 | ||
| 007 | ta | ||
| 008 | 090305s1994 g b000 u 903 u | ||
| 020 | _cHB | ||
| 040 | _aCotton College,Assam | ||
| 041 | _a903 | ||
| 082 |
_a892.7 _bGi 35 Hi |
||
| 100 | _aGibb, H.A.R. . | ||
| 245 | 0 |
_aHistory of Arabic Literaature / _cH.A.R.Gibb. _hTextual Documents |
|
| 250 | _aist / | ||
| 260 |
_aNew Delhi : _bCosmo Publication , _c1994. |
||
| 300 |
_a128p. ; _c22 cm. |
||
| 653 | _aDeptt-Islamic and Arabic Literature | ||
| 942 |
_2ddc _cBK |
||
| 999 |
_c44932 _d44932 |
||